[Event "Cto Aragón Equipos Pref Gr I"]
[Site "Aragon"]
[Date "2015.03.07"]
[Round "7.49"]
[White "Larios Herraiz, Enrique"]
[Black "Ferrer Echavarri, Fco Javier"]
[Result "1/2-1/2"]
[WhiteElo "2067"]
[BlackElo "1953"]
[PlyCount "73"]
[EventDate "2015.01.24"]
[WhiteTeam "Actur Rey Fernando"]
[BlackTeam "ONCE Aragon B"]

1. d4 Nf6 2. Nf3 e6 3. e3 b6 4. Bd3 Bb7 5. Nbd2 d5 6. O-O Nbd7 7. b3 Be7 8. Bb2
c5 9. Ne5 cxd4 10. exd4 h5 11. Qe2 Qc7 12. f4 g6 13. Rae1 Nxe5 14. fxe5 Ng4 15.
h3 Nh6 16. c4 Nf5 17. cxd5 Bxd5 18. Rc1 Qd8 19. Ne4 O-O 20. Rfd1 Rc8 21. Rxc8
Qxc8 22. g4 Bxe4 23. Qxe4 Ng3 24. Qf4 Qc2 25. Qd2 Qxd2 26. Rxd2 Rc8 27. Kf2 h4
28. Kf3 Bg5 29. Rc2 Rxc2 30. Bxc2 Be7 31. Bc3 Kf8 32. Bd3 Ke8 33. Be1 Ba3 34.
Bc3 Be7 35. Bb5+ Kf8 36. Bc4 Ke8 37. Bd3 1/2-1/2

[Event "Cto Aragón Equipos Pref Gr I"]
[Site "Aragon"]
[Date "2015.03.07"]
[Round "7.50"]
[White "Soriano Gracia, Manuel"]
[Black "Lopez Caudevilla, David"]
[Result "0-1"]
[WhiteElo "1829"]
[BlackElo "1978"]
[PlyCount "62"]
[EventDate "2015.01.24"]
[WhiteTeam "ONCE Aragon B"]
[BlackTeam "Actur Rey Fernando"]

1. e4 g6 2. d4 Bg7 3. Nc3 a6 4. Be3 b5 5. Bd3 Bb7 6. f3 d6 7. Nge2 Nd7 8. Ng3
c5 9. Be2 e6 10. a3 Ne7 11. O-O O-O 12. Qd2 Nc6 13. dxc5 dxc5 14. Rad1 Nd4 15.
Nb1 Qe7 16. c3 Nxe2+ 17. Nxe2 Ne5 18. b3 Rfd8 19. Qc2 c4 20. Bd4 cxb3 21. Qxb3
Nc4 22. a4 e5 23. axb5 Na5 24. Qa2 exd4 25. Qxa5 axb5 26. Qb6 dxc3 27. Nbxc3 b4
28. Nb1 Ba6 29. Rxd8+ Qxd8 30. Qxd8+ Rxd8 31. Re1 Bxe2 0-1

[Event "Cto Aragón Equipos Pref Gr I"]
[Site "Aragon"]
[Date "2015.03.07"]
[Round "7.51"]
[White "Aviol Perez, Jose Mariano"]
[Black "Carilla Garcia, Angel"]
[Result "1-0"]
[WhiteElo "1906"]
[BlackElo "1777"]
[PlyCount "75"]
[EventDate "2015.01.24"]
[WhiteTeam "Actur Rey Fernando"]
[BlackTeam "ONCE Aragon B"]

1. d4 e6 2. c4 f5 3. g3 Nf6 4. Bg2 d5 5. Nf3 c6 6. O-O Bd6 7. b3 O-O 8. Bb2
Nbd7 9. Nbd2 Ng4 $138 10. Ne1 $138 b6 11. Nd3 f4 12. e3 fxe3 13. Qxg4 Nf6 14.
Qg5 exd2 15. Qxd2 Qc7 16. Rfe1 Bd7 17. Qg5 Be7 18. Re2 Rae8 19. Rae1 Bd6 20.
Ne5 Bc8 21. Nd3 Qf7 22. Qe3 Ng4 23. Qd2 Bd7 24. Qg5 Qf5 25. Qxf5 Rxf5 26. Bh3
Rg5 27. Bc1 Rg6 28. Bf4 Bf8 29. f3 Nh6 30. Ne5 Bb4 31. Rc1 Ba3 32. Rcc2 Nf5 33.
Bxf5 exf5 34. Nxd7 Rxe2 35. Rxe2 h5 36. Re8+ Kf7 37. Ra8 a5 38. Ne5+ 1-0

[Event "Cto Aragón Equipos Pref Gr I"]
[Site "Aragon"]
[Date "2015.03.07"]
[Round "7.52"]
[White "Pena Gil, Jose Alejandro"]
[Black "Fernandez Sierra, Pedro Jose"]
[Result "1/2-1/2"]
[WhiteElo "1561"]
[BlackElo "1750"]
[PlyCount "97"]
[EventDate "2015.01.24"]
[WhiteTeam "ONCE Aragon B"]
[BlackTeam "Actur Rey Fernando"]

1. d4 Nf6 2. Nf3 c5 3. c3 e6 4. Bg5 d5 5. e3 Nc6 6. Nbd2 cxd4 7. cxd4 Be7 8.
Bxf6 Bxf6 9. a3 O-O 10. Be2 Bd7 11. O-O Rc8 12. Rc1 e5 13. dxe5 Nxe5 14. Qb3
Bc6 15. Nxe5 Bxe5 16. Nf3 Bc7 17. Qb4 Re8 18. Bd3 a5 19. Qh4 Qxh4 20. Nxh4 Be5
21. Rb1 d4 22. exd4 Bxd4 23. Nf5 Bc5 24. b4 axb4 25. axb4 Bf8 26. b5 Be4 27.
Bxe4 Rxe4 28. h3 g6 29. Ng3 Re5 30. Rfe1 Rce8 31. Rxe5 Rxe5 32. Kf1 b6 33. Ne2
Bc5 34. g4 h5 35. f3 hxg4 36. hxg4 Re3 37. Rb2 Rxf3+ 38. Kg2 Rf2+ 39. Kg3 Rf1
40. g5 Rd1 41. Kf3 Rd3+ 42. Ke4 Re3+ 43. Kf4 Ra3 44. Kg4 Rd3 45. Kf4 Ra3 46.
Ke4 Ra4+ 47. Kf3 Ra3+ 48. Ke4 Ra4+ 49. Kf3 1/2-1/2

[Event "Cto Aragón Equipos Pref Gr II"]
[Site "Aragon"]
[Date "2015.03.07"]
[Round "7.53"]
[White "Planas Torrea, Francisco Javie"]
[Black "Malo Guillen, Jose Luis"]
[Result "1/2-1/2"]
[WhiteElo "2032"]
[BlackElo "2167"]
[PlyCount "32"]
[EventDate "2015.01.24"]
[WhiteTeam "Ejea"]
[BlackTeam "Las Fuentes"]

1. e4 e5 2. Nf3 Nc6 3. Bc4 Bc5 4. b4 Bxb4 5. c3 Ba5 6. d4 d6 7. Qb3 Qd7 8. O-O
exd4 9. cxd4 Nf6 10. e5 dxe5 11. Nxe5 Nxe5 12. dxe5 Ne4 13. Rd1 Qf5 14. Bxf7+
Ke7 15. Ba3+ c5 16. f3 Qxf7 1/2-1/2

[Event "Cto Aragón Equipos Pref Gr II"]
[Site "Aragon"]
[Date "2015.03.07"]
[Round "7.54"]
[White "Alonso Blasco, Jose Miguel"]
[Black "Planas Torrea, Alberto"]
[Result "1/2-1/2"]
[WhiteElo "2078"]
[BlackElo "1928"]
[PlyCount "28"]
[EventDate "2015.01.24"]
[WhiteTeam "Las Fuentes"]
[BlackTeam "Ejea"]

1. e4 d5 2. exd5 Qxd5 3. Nc3 Qa5 4. d4 Nf6 5. Nf3 Bf5 6. Bd3 e6 7. O-O c6 8.
Ne5 Bxd3 9. Qxd3 Be7 10. Bf4 O-O 11. Rae1 Nd5 12. Nxd5 cxd5 13. a3 Nc6 14. Re3
Qd8 1/2-1/2

[Event "Cto Aragón Equipos Pref Gr II"]
[Site "Aragon"]
[Date "2015.03.07"]
[Round "7.55"]
[White "Marcellan Peire, Jesus Eduardo"]
[Black "Mombiela De Sus, Jose Luis"]
[Result "0-1"]
[WhiteElo "1912"]
[BlackElo "1999"]
[PlyCount "74"]
[EventDate "2015.01.24"]
[WhiteTeam "Ejea"]
[BlackTeam "Las Fuentes"]

1. d4 e6 2. c4 f5 3. g3 Nf6 4. Bg2 Be7 5. Nf3 O-O 6. O-O d6 7. Qc2 a5 8. b3 Ne4
9. Nbd2 Nxd2 10. Qxd2 Bf6 11. Re1 Nc6 12. Rb1 e5 13. d5 Ne7 14. b4 axb4 15.
Rxb4 e4 16. Nd4 c5 17. dxc6 bxc6 18. Rb1 Qa5 19. Rd1 Qxa2 20. Bb2 Qa5 21. Qc2
Bd7 22. Nb3 Qc7 23. Bxf6 Rxf6 24. Qd2 Raf8 25. Nc5 Bc8 26. Na4 Ng6 27. Rb6 Ne5
28. Qc3 h5 29. f4 exf3 30. exf3 f4 31. c5 fxg3 32. cxd6 Rxd6 33. Rxd6 Qxd6 34.
Nb2 h4 35. f4 Rxf4 36. Bxc6 gxh2+ 37. Kxh2 Rf3 0-1

[Event "Cto Aragón Equipos Pref Gr II"]
[Site "Aragon"]
[Date "2015.03.07"]
[Round "7.56"]
[White "Javierre Conesa, Alfonso"]
[Black "Merin Flores, Miguel Angel"]
[Result "1-0"]
[WhiteElo "1955"]
[BlackElo "1712"]
[PlyCount "53"]
[EventDate "2015.01.24"]
[WhiteTeam "Las Fuentes"]
[BlackTeam "Ejea"]

1. d4 d5 2. c4 e6 3. Nf3 Nf6 4. Nc3 Be7 5. Bf4 c6 6. e3 Nbd7 7. c5 O-O 8. Bd3
Re8 9. O-O Nf8 10. h3 Ng6 11. Bh2 b6 12. b4 Bf8 13. Qc2 b5 14. Ne5 Bb7 15. f4
Nd7 16. f5 exf5 17. Rxf5 Ndxe5 18. dxe5 Qh4 19. Raf1 Re7 20. Ne2 Rae8 21. Nd4
a6 22. Qe2 Rd7 23. Nf3 Qxb4 24. Ng5 Ree7 25. e6 fxe6 26. Qh5 h6 27. Qxg6 1-0

[Event "Cto Aragón Equipos Pref Gr II"]
[Site "Aragon"]
[Date "2015.03.07"]
[Round "7.57"]
[White "Martinez Catalan, Fco. Javier"]
[Black "Muro Turon, Raul"]
[Result "1/2-1/2"]
[WhiteElo "2226"]
[BlackElo "1893"]
[PlyCount "25"]
[EventDate "2015.01.24"]
[WhiteTeam "La Aurora Estadilla"]
[BlackTeam "Tauste B"]

1. Nc3 Nf6 2. e4 e5 3. g3 d5 4. exd5 Nxd5 5. Bg2 Nb6 6. Nf3 Nc6 7. O-O Bd6 8.
d4 O-O 9. d5 Ne7 10. Re1 f6 11. a3 Bg4 12. Qd3 Bf5 13. Qd1 1/2-1/2

[Event "Cto Aragón Equipos Pref Gr II"]
[Site "Aragon"]
[Date "2015.03.07"]
[Round "7.58"]
[White "Garcia Montolar, Cesar"]
[Black "Solano Lasierra, Javier"]
[Result "1/2-1/2"]
[WhiteElo "1834"]
[BlackElo "2167"]
[PlyCount "75"]
[EventDate "2015.01.24"]
[WhiteTeam "Tauste B"]
[BlackTeam "La Aurora Estadilla"]

1. d4 Nf6 2. Nf3 c5 3. c3 g6 4. Bf4 Bg7 5. h3 O-O 6. e3 d6 7. Bd3 Nbd7 8. O-O
a6 9. e4 Qc7 10. e5 dxe5 11. Nxe5 Nxe5 12. Bxe5 Qb6 13. Qe2 Be6 14. Na3 Qc6 15.
Rfd1 Bd5 16. c4 Be4 17. d5 Bxd3 18. Rxd3 Qd7 19. Rad1 Rad8 20. Qf3 Ne8 21. Bxg7
Kxg7 22. Qe3 Qc7 23. Nc2 b5 24. b3 Kg8 25. Ne1 bxc4 26. bxc4 Nd6 27. Qf4 Rb8
28. Nf3 Rb4 29. Rc1 Qb8 30. Nd2 Rb2 31. Nb3 Nb7 32. Qe3 Qd6 33. a3 a5 34. Re1
Re8 35. Qc1 Ra2 36. Nd2 Qf6 37. Rb3 Nd6 38. Nf3 1/2-1/2

[Event "Cto Aragón Equipos Pref Gr II"]
[Site "Aragon"]
[Date "2015.03.07"]
[Round "7.59"]
[White "Pellicer Cemeli, Jose Luis"]
[Black "Constin Balesescu, Ion"]
[Result "0-1"]
[WhiteElo "2034"]
[BlackElo "1767"]
[PlyCount "60"]
[EventDate "2015.01.24"]
[WhiteTeam "La Aurora Estadilla"]
[BlackTeam "Tauste B"]

1. e4 e5 2. Nf3 Nc6 3. d4 exd4 4. Nxd4 Nxd4 5. Qxd4 d6 6. Nc3 Nf6 7. Bg5 Be7 8.
O-O-O O-O 9. e5 Ne8 10. Bxe7 Qxe7 11. exd6 (11. Nd5 Qxe5 12. Qxe5 dxe5 13. Ne7+
Kh8 14. Rd8) 11... Nxd6 12. Nd5 Qd8 13. Nxc7 Qxc7 14. Qxd6 Qa5 15. Bc4 Qg5+ 16.
f4 Qxg2 17. Bd5 (17. Rhg1 Qc6 18. Rxg7+ Kxg7 19. Qe5+ Kg8 20. Rg1+ Qg6 21.
Rxg6+ hxg6 22. h4) 17... Qg6 18. Qe5 (18. Qxg6 hxg6 19. Rhg1 Kh7 20. c3) 18...
Qh6 19. Rhg1 g6 20. Qf6 Qg7 21. Qe7 Rb8 22. Bb3 Bf5 23. Rd5 Rfe8 24. Qc7 Rf8
25. Qe7 Be6 26. Rb5 Rfe8 27. Rxb7 Qd4 28. Rxg6+ hxg6 29. Rxb8 Qxf4+ 30. Kd1
Qxb8 0-1

[Event "Cto Aragón Equipos Pref Gr II"]
[Site "Aragon"]
[Date "2015.03.07"]
[Round "7.60"]
[White "San Lazaro Lorente, David"]
[Black "Coronas Cambra, Luis"]
[Result "1-0"]
[WhiteElo "1751"]
[BlackElo "1640"]
[PlyCount "63"]
[EventDate "2015.01.24"]
[WhiteTeam "Tauste B"]
[BlackTeam "La Aurora Estadilla"]

1. d4 d5 2. Nf3 Nf6 3. e3 e6 4. Bd3 Nbd7 5. Nbd2 Be7 6. O-O O-O 7. e4 dxe4 8.
Nxe4 Nxe4 9. Bxe4 Nf6 10. Bd3 h6 11. c3 b6 12. Bf4 Bd6 13. Ne5 Bb7 14. Qe2 Bxe5
15. dxe5 Nd5 16. Bc1 f5 17. exf6 Qxf6 18. Re1 Rae8 19. Be4 Nf4 20. Bxf4 Bxe4
21. Bxc7 Bd5 22. c4 Bb7 23. Rad1 Qg6 24. Bg3 h5 25. h4 Rf4 26. Rd7 Re4 27. Qd2
Rxe1+ 28. Qxe1 Ba8 29. f3 e5 30. Bxe5 Qe6 31. Rxg7+ Kf8 32. Qb4+ 1-0

[Event "Cto Aragón Equipos Pref Gr II"]
[Site "Aragon"]
[Date "2015.03.07"]
[Round "7.61"]
[White "Galve Guinea, Alejandro"]
[Black "Garcia Gracia, Victor Hugo"]
[Result "1/2-1/2"]
[WhiteElo "2041"]
[BlackElo "2003"]
[PlyCount "40"]
[EventDate "2015.01.24"]
[WhiteTeam "El Olivar C"]
[BlackTeam "Santa Isabel"]

1. Nf3 f5 2. c4 Nf6 3. Nc3 Nc6 4. d4 e6 5. g3 Bb4 6. Bg2 O-O 7. Qc2 b6 8. O-O
Bb7 9. Bd2 Na5 10. b3 Ne4 11. Nxe4 Bxe4 12. Qb2 Bxd2 13. Qxd2 d6 14. d5 Bxf3
15. exf3 e5 16. f4 exf4 17. Qxf4 Qf6 18. Qd2 Rae8 19. Rae1 Nb7 20. Re2 Nc5
1/2-1/2

[Event "Cto Aragón Equipos Pref Gr II"]
[Site "Aragon"]
[Date "2015.03.07"]
[Round "7.62"]
[White "Perez Boy, Pedro"]
[Black "Correas Marcen, Jose Maria"]
[Result "0-1"]
[WhiteElo "1816"]
[BlackElo "2001"]
[PlyCount "120"]
[EventDate "2015.01.24"]
[WhiteTeam "Santa Isabel"]
[BlackTeam "El Olivar C"]

1. e4 c6 2. d3 d5 3. Nc3 dxe4 4. dxe4 Qxd1+ 5. Nxd1 e5 6. Nf3 Bd6 7. Ne3 Be6 8.
Ng5 Bc8 9. Bc4 Nh6 10. Nf5 Bxf5 11. exf5 O-O 12. f6 Nd7 13. Ne4 Bc7 14. fxg7
Kxg7 15. g4 Nb6 16. Bb3 Nd5 17. Bg5 f5 18. gxf5 Nxf5 19. Rg1 Kf7 20. O-O-O Nd4
21. Bc4 b5 22. Bd3 Nb4 23. Bf1 Nbxc2 24. Rd2 Rg8 25. Rg3 Nb4 26. Bh3 h6 27.
Rxd4 exd4 28. Rf3+ Ke8 29. Nf6+ Kf7 30. Nxg8+ Kxg8 31. Be6+ Kh7 32. Bd2 Bd6 33.
Rf7+ Kg6 34. Rd7 Bf4 35. Rxd4 Bxd2+ 36. Kxd2 c5 37. Rd6 Kf6 38. Bd5+ Ke5 39.
Bxa8 Kxd6 40. a3 Nc6 41. f4 Nd4 42. Kd3 Ne6 43. Ke4 a5 44. Bb7 c4 45. Bc8 Nc5+
46. Kf5 Nd3 47. Ba6 Kc6 48. a4 bxa4 49. Bxc4 Nxb2 50. Ba2 Nd3 51. Kg6 Nxf4+ 52.
Kxh6 Kd6 53. Kg5 Ke5 54. h4 a3 55. Kg4 Ne2 56. Kg5 Nf4 57. Kg4 a4 58. Kf3 Nd3
59. Kg4 Nb4 60. Bb1 a2 0-1

[Event "Cto Aragón Equipos Pref Gr II"]
[Site "Aragon"]
[Date "2015.03.07"]
[Round "7.63"]
[White "Sarto Ramos, Angel"]
[Black "Peris Laorden, Gerardo"]
[Result "1-0"]
[WhiteElo "1967"]
[BlackElo "1784"]
[PlyCount "28"]
[EventDate "2015.01.24"]
[WhiteTeam "El Olivar C"]
[BlackTeam "Santa Isabel"]

1. d4 Nf6 2. Nc3 d6 3. e4 g6 4. Bf4 Bg7 5. Qd2 h6 6. h4 Nc6 7. O-O-O Nh5 8. Be3
e5 9. d5 Ne7 10. Be2 f5 11. exf5 Bxf5 12. g4 Nf6 13. gxf5 gxf5 14. f4 Qd7 1-0

[Event "Cto Aragón Equipos Pref Gr II"]
[Site "Aragon"]
[Date "2015.03.07"]
[Round "7.64"]
[White "Celma Pueyo, Ramon"]
[Black "Hernandez Delgado, Gabriel"]
[Result "0-1"]
[WhiteElo "1621"]
[BlackElo "1925"]
[PlyCount "64"]
[EventDate "2015.01.24"]
[WhiteTeam "Santa Isabel"]
[BlackTeam "El Olivar C"]

1. d4 Nf6 2. c4 e6 3. Nc3 Bb4 4. Qc2 O-O 5. Nf3 c5 6. e3 d5 7. Bd2 Nc6 8. cxd5
exd5 9. dxc5 d4 10. Ne4 dxe3 11. Nxf6+ Qxf6 12. fxe3 Bf5 13. Bd3 Bxd2+ 14. Qxd2
Rad8 15. Nd4 Bxd3 16. Qxd3 Nxd4 17. O-O-O Nc6 18. Qb3 Qe5 19. Rhf1 Qxc5+ 20.
Kb1 Rxd1+ 21. Rxd1 Qe7 22. Ka1 Re8 23. Rf1 Ne5 24. h3 Rc8 25. a3 Qc7 26. Rf4
Nc4 27. Rd4 Nb6 28. Qd3 g6 29. e4 Kg7 30. Rd6 Qc1+ 31. Ka2 Qc4+ 32. Qxc4 Rxc4
0-1

[Event "Cto Aragón Equipos Pref Gr II"]
[Site "Aragon"]
[Date "2015.03.07"]
[Round "7.65"]
[White "Cebollada Pacheco, Jesus Raul"]
[Black "Carruez Berges, Fernando"]
[Result "1/2-1/2"]
[WhiteElo "2029"]
[BlackElo "2095"]
[PlyCount "97"]
[EventDate "2015.01.24"]
[WhiteTeam "St. Casablanca D"]
[BlackTeam "Agrupacion B"]

1. e4 e6 2. d4 d5 3. Nd2 Nf6 4. e5 Nfd7 5. Bd3 c5 6. c3 Nc6 7. Ne2 cxd4 8. cxd4
f6 9. exf6 Nxf6 10. O-O Bd6 11. Nf3 O-O 12. Bg5 Bd7 13. Nc3 a6 14. Re1 Qc7 15.
Bh4 Rae8 16. Rc1 Qb8 17. a3 b5 18. b4 g6 19. Be2 Nh5 20. Ne5 Nxe5 21. dxe5 Bxe5
22. Bxh5 gxh5 23. Qxh5 Bxh2+ 24. Kh1 Bf4 25. Qg4+ Kh8 26. Rcd1 Qc8 27. Ne2 e5
28. Qf3 Bc6 29. Nxf4 Rxf4 30. Bf6+ Kg8 31. Qg3+ Rg4 32. Qh3 e4 33. f3 exf3 34.
gxf3 Rg6 35. Qxc8 Rxc8 36. Bd4 Rf8 37. Rd3 Rf5 38. Re5 Rf4 39. Re2 Kf7 40. Rg2
Rh4+ 41. Kg1 Rh3 42. Rxg6 Kxg6 43. Kg2 Rh5 44. Rc3 Be8 45. Rc8 Bd7 46. Rd8 Bh3+
47. Kg3 Bf1 48. Rd6+ Kf7 49. Rxa6 1/2-1/2

[Event "Cto Aragón Equipos Pref Gr II"]
[Site "Aragon"]
[Date "2015.03.07"]
[Round "7.67"]
[White "Abad Vinas, Jesus Manuel"]
[Black "Lopez Guaita, Fernando"]
[Result "1/2-1/2"]
[WhiteElo "1831"]
[BlackElo "1967"]
[PlyCount "52"]
[EventDate "2015.01.24"]
[WhiteTeam "St. Casablanca D"]
[BlackTeam "Agrupacion B"]

1. c4 Nf6 2. Nf3 g6 3. g3 Bg7 4. Bg2 d6 5. d4 O-O 6. O-O Nbd7 7. Nc3 Re8 8. d5
e5 9. dxe6 Rxe6 10. Nd4 Re8 11. Bg5 h6 12. Bf4 Nc5 13. f3 Ne6 14. Nxe6 Bxe6 15.
Qd3 Nd7 16. Nd5 Ne5 17. Bxe5 Bxe5 18. f4 Bg7 19. Nc3 c6 20. e4 Qb6+ 21. Kh1
Qxb2 22. e5 dxe5 23. Rab1 Qa3 24. Rxb7 exf4 25. Rb3 Qc5 26. Rxf4 Rad8 1/2-1/2

[Event "Cto Aragón Equipos Pref Gr II"]
[Site "Aragon"]
[Date "2015.03.07"]
[Round "7.68"]
[White "Serrat Claver, David"]
[Black "Castillo Algarate, Javier"]
[Result "1-0"]
[WhiteElo "1844"]
[BlackElo "1498"]
[PlyCount "61"]
[EventDate "2015.01.24"]
[WhiteTeam "Agrupacion B"]
[BlackTeam "St. Casablanca D"]

1. e4 c5 2. c3 g6 3. Nf3 Bg7 4. d4 cxd4 5. cxd4 d6 6. h3 Nf6 7. Nc3 O-O 8. Bd3
e6 9. O-O d5 10. e5 Nfd7 11. Re1 Nc6 12. Bb5 f6 13. Bxc6 bxc6 14. exf6 Qxf6 15.
Qe2 Re8 16. Bg5 Qf7 17. Ne5 Nxe5 18. dxe5 h6 19. Be3 g5 20. Bc5 Bf8 21. Na4
Bxc5 22. Nxc5 Qe7 23. Rac1 Rd8 24. Qc2 Qe8 25. Re3 d4 26. Rf3 Rd5 27. Ne4 Kg7
28. Nf6 Qd8 29. Qh7+ Kf8 30. Nxd5+ Ke8 31. Nc7+ 1-0

[Event "Cto Aragón Equipos Pref Gr II"]
[Site "Aragon"]
[Date "2015.03.07"]
[Round "7.69"]
[White "Hinojar Basa, Alfonso"]
[Black "Galvez Perez, Jose Luis"]
[Result "1-0"]
[WhiteElo "2204"]
[BlackElo "1947"]
[PlyCount "53"]
[EventDate "2015.01.24"]
[WhiteTeam "Marcos Frechin"]
[BlackTeam "Caissa B"]

1. e4 g6 2. d4 Bg7 3. Nc3 d6 4. Bg5 Nc6 5. d5 Ne5 6. Be2 c6 7. Qd2 Qa5 8. Nf3
Nxf3+ 9. Bxf3 Bd7 10. O-O h6 11. Be3 Rc8 12. Bd4 Nf6 13. a3 c5 14. Be3 Ng4 15.
Bxg4 Bxg4 16. f4 Bd7 17. Rae1 Kd8 18. e5 Bf5 19. Bf2 Rc7 20. h3 h5 21. Qe2 a6
22. Bh4 Kc8 23. exd6 Bd4+ 24. Kh2 exd6 25. Qe8+ Rxe8 26. Rxe8+ Kd7 27. Rd8# 1-0

[Event "Cto Aragón Equipos Pref Gr II"]
[Site "Aragon"]
[Date "2015.03.07"]
[Round "7.70"]
[White "Vasilev, Vas"]
[Black "Fuster Garcia, Luis"]
[Result "1/2-1/2"]
[WhiteElo "1943"]
[BlackElo "2195"]
[PlyCount "52"]
[EventDate "2015.01.24"]
[WhiteTeam "Caissa B"]
[BlackTeam "Marcos Frechin"]

1. d4 Nf6 2. Nf3 e6 3. Bg5 d5 4. Nbd2 Be7 5. e3 O-O 6. Bd3 c5 7. c3 a6 8. Ne5
Bd7 9. Qf3 Bb5 10. Bc2 Nbd7 11. Qh3 g6 12. Qh4 Re8 13. Ndf3 Nxe5 14. dxe5 Nd7
15. Bxe7 Qxe7 16. Qg3 Kg7 17. h4 h5 18. Qf4 f5 19. Rh3 Rg8 20. Nd2 Kh7 21. Nf3
Kg7 22. Rg3 Kf8 23. Qh6+ Qg7 24. Qxg7+ Rxg7 25. Ng5 Ke7 26. f4 Bc6 1/2-1/2

[Event "Cto Aragón Equipos Pref Gr II"]
[Site "Aragon"]
[Date "2015.03.07"]
[Round "7.71"]
[White "Fabre Perez, Jose Maria"]
[Black "Prieto Martinez, Fco. Javier"]
[Result "1-0"]
[WhiteElo "2038"]
[BlackElo "1829"]
[PlyCount "145"]
[EventDate "2015.01.24"]
[WhiteTeam "Marcos Frechin"]
[BlackTeam "Caissa B"]

1. e4 e5 2. Nf3 Nf6 3. d4 Nxe4 4. Bd3 d5 5. Nxe5 Bd6 6. c4 Nxf2 7. Kxf2 Qh4+ 8.
Kf1 Bxe5 9. dxe5 Be6 10. cxd5 Bxd5 11. Bb5+ Bc6 12. Nc3 O-O 13. Be3 Rd8 14. Qe2
Re8 15. Bf2 Qf4 16. Rd1 Qg5 17. Bxc6 Nxc6 18. h4 Qh6 19. Qd2 Qe6 20. Qd5 Qg4
21. Qe4 Nxe5 22. Qxg4 Nxg4 23. Rh3 Re5 24. Rhd3 Rae8 25. Rd8 Kf8 26. Rxe8+ Kxe8
27. Re1 Rxe1+ 28. Bxe1 Ne3+ 29. Kf2 Nc4 30. Nd1 f6 31. Bc3 Nd6 32. Kf3 Kd7 33.
Ne3 Ke6 34. Kf4 g6 35. Ng4 Ne8 36. Nf2 h6 37. Ne4 b6 38. h5 f5 39. Nd2 g5+ 40.
Ke3 f4+ 41. Ke4 Nd6+ 42. Kd3 Kf5 43. Bg7 Nf7 44. Nf3 c5 45. Ke2 g4 46. Nh4+ Ke4
47. Ng6 c4 48. Nh8 Nd6 49. Bxh6 Nf5 50. Nf7 Ng3+ 51. Kf2 Nxh5 52. Nd6+ Kd3 53.
a4 a6 54. Bg5 Kd4 55. Nf5+ Ke5 56. Ne7 Ke4 57. Nc8 g3+ 58. Ke2 Kf5 59. Bd8 Ke4
60. Nxb6 f3+ 61. gxf3+ Kd4 62. Bg5 Kc5 63. Be3+ Kb4 64. Bd2+ Kb3 65. Bc3 Nf4+
66. Kf1 g2+ 67. Kf2 a5 68. Bxa5 Nd3+ 69. Kxg2 Nxb2 70. f4 Nd3 71. f5 Nc5 72. f6
c3 73. Bxc3 1-0

[Event "Cto Aragón Equipos Pref Gr II"]
[Site "Aragon"]
[Date "2015.03.07"]
[Round "7.72"]
[White "Garcia Lopez, Antonio"]
[Black "Forcen Esteban, Victor"]
[Result "0-1"]
[WhiteElo "1792"]
[BlackElo "1916"]
[PlyCount "42"]
[EventDate "2015.01.24"]
[WhiteTeam "Caissa B"]
[BlackTeam "Marcos Frechin"]

1. e4 c5 2. Nc3 d6 3. Bc4 Nf6 4. f4 Nc6 5. Nf3 g6 6. d4 cxd4 7. Nxd4 Nxd4 8.
Qxd4 Bg7 9. h3 O-O 10. Qf2 Nxe4 11. Bxf7+ Rxf7 12. Nxe4 Qa5+ 13. c3 Qb5 14. Qe3
Bd7 15. Ng5 Rff8 16. Nf3 e5 17. fxe5 Rae8 18. Nd4 Qc4 19. b3 Qd5 20. c4 Qxe5
21. Qxe5 Bxe5 0-1

[Event "Cto Aragón Equipos Div Honor Titulo"]
[Site "Aragon"]
[Date "2015.03.14"]
[Round "8.1"]
[White "Guzman Moneo, Alberto"]
[Black "Forcen Esteban, Daniel"]
[Result "0-1"]
[WhiteElo "2216"]
[BlackElo "2526"]
[PlyCount "228"]
[EventDate "2015.02.21"]
[WhiteTeam "Helios"]
[BlackTeam "Jaime Casas"]

1. e4 c5 2. Nc3 e6 3. Nf3 Nc6 4. Bb5 Nd4 5. O-O a6 6. Bd3 Ne7 7. b3 Nec6 8. Bb2
Be7 9. Nxd4 cxd4 10. Ne2 d5 11. exd5 Qxd5 12. Ng3 O-O 13. Qe2 Rd8 14. f4 g6 15.
a3 Bf8 16. h4 Bg7 17. h5 Ne7 18. hxg6 hxg6 19. Rf3 Bd7 20. a4 Bc6 21. Ne4 Qd7
22. Rh3 Bxe4 23. Qxe4 f5 24. Qf3 Kf7 25. Re1 Nd5 26. g4 Rh8 27. gxf5 gxf5 28.
Bc4 Rxh3 29. Qxh3 Rh8 30. Qf3 Rh4 31. Bxd5 Qxd5 32. Qxd5 exd5 33. Ba3 Rg4+ 34.
Kh1 Rxf4 35. Re7+ Kg6 36. Rxb7 Rf2 37. Bb4 Be5 38. Rd7 Bg3 39. Rxd5 f4 40. Rxd4
Kf5 41. Bd6 Kg4 42. Kg1 Re2 43. Kf1 Re6 44. Bxf4 Bxf4 45. b4 Rh6 46. c3 Rh2 47.
b5 a5 48. b6 Rh6 49. b7 Rb6 50. Rd7 Kf3 51. Rd3+ Ke4 52. Rd7 Ke5 53. Ke2 Ke6
54. Rg7 Kd5 55. Rf7 Bb8 56. Rf5+ Kc4 57. Rxa5 Rxb7 58. Rb5 Re7+ 59. Kd1 Bd6 60.
Kc2 Re2 61. Rf5 Bc5 62. Rf4+ Kd5 63. Rf5+ Kd6 64. Rf6+ Ke5 65. Rf3 Ke4 66. Rd3
Ke5 67. Kb3 Re1 68. Kc4 Bg1 69. Rd5+ Ke6 70. d4 Ra1 71. Re5+ Kd6 72. a5 Bf2 73.
Rd5+ Kc6 74. Rf5 Be1 75. Kb3 Kb7 76. Rc5 Bg3 77. Kb2 Rh1 78. Rf5 Bc7 79. c4 Ka6
80. d5 Rh2+ 81. Kb3 Rh3+ 82. Ka4 Bd6 83. c5 Rh4+ 84. Kb3 Bxc5 85. Rf6+ Kxa5 86.
Rc6 Kb5 87. Rc8 Rd4 88. Rd8 Rd3+ 89. Kc2 Kc4 90. d6 Rd5 91. d7 Bb6 92. Rb8 Kc5
93. Rc8+ Kb5 94. Rc3 Rxd7 95. Rb3+ Kc6 96. Rf3 Bd4 97. Rf5 Kd6 98. Kd3 Ke6 99.
Rb5 Be5+ 100. Ke4 Rd4+ 101. Ke3 Kf5 102. Ra5 Rh4 103. Kd3 Rh3+ 104. Kc4 Ke4
105. Ra2 Rc3+ 106. Kb4 Rc8 107. Re2+ Kd5 108. Rd2+ Bd4 109. Kb3 Rb8+ 110. Kc2
Kc4 111. Kd1 Bc3 112. Rd7 Re8 113. Rc7+ Kb3 114. Rb7+ Bb4 0-1

[Event "Cto Aragón Equipos Div Honor Titulo"]
[Site "Aragon"]
[Date "2015.03.14"]
[Round "8.2"]
[White "Antoli Royo, Joaquin Miguel"]
[Black "Cerrajeria Ruiz, Jesus Maria"]
[Result "0-1"]
[WhiteElo "2437"]
[BlackElo "2163"]
[PlyCount "94"]
[EventDate "2015.02.21"]
[WhiteTeam "Jaime Casas"]
[BlackTeam "Helios"]

1. e4 c5 2. c3 Nf6 3. e5 Nd5 4. d4 d6 5. Nf3 Nc6 6. c4 Ndb4 7. exd6 Bf5 8. Na3
Qa5 9. Bd2 cxd4 10. Nb5 d3 11. Qb3 O-O-O 12. O-O-O Qxa2 13. Qxa2 Nxa2+ 14. Kb1
Nab4 15. Nh4 Bg4 16. Re1 exd6 17. Nxa7+ Nxa7 18. Bxb4 Nc6 19. Bc3 Be7 20. Nf3
Bf5 21. Rd1 d5 22. Bxd3 Bxd3+ 23. Rxd3 dxc4 24. Re3 Bc5 25. Re4 Bxf2 26. Rxc4
f6 27. Rf1 Bb6 28. Nh4 Rd7 29. Rf5 Re8 30. Rb5 Bc7 31. Ra4 Bxh2 32. Nf3 Bc7 33.
Nd2 Kb8 34. Nb3 Bd6 35. Na5 Nxa5 36. Rbxa5 Kc7 37. Rc4+ Kd8 38. Rg4 Rf7 39. Rd5
Rd7 40. Ra5 Re2 41. Ra8+ Kc7 42. Rg8 Ree7 43. Kc2 Kc6 44. b4 Kb5 45. Kb3 f5 46.
Rg5 g6 47. R8xg6 hxg6 0-1

[Event "Cto Aragón Equipos Div Honor Titulo"]
[Site "Aragon"]
[Date "2015.03.14"]
[Round "8.3"]
[White "Navarro Alonso, Jorge"]
[Black "Garza Marco, Sergio"]
[Result "1-0"]
[WhiteElo "2145"]
[BlackElo "2415"]
[PlyCount "87"]
[EventDate "2015.02.21"]
[WhiteTeam "Helios"]
[BlackTeam "Jaime Casas"]

1. e4 Nf6 2. e5 Nd5 3. Nc3 Nxc3 4. bxc3 d5 5. Rb1 c5 6. f4 Nc6 7. Nf3 Qc7 8.
Be2 Bg4 9. O-O e6 10. h3 Bh5 11. d3 Be7 12. Bd2 O-O 13. Qe1 Rab8 14. g4 Bg6 15.
Nh4 Qd7 16. Nxg6 fxg6 17. Qg3 b5 18. Rbe1 Qd8 19. g5 Qe8 20. Bg4 Bd8 21. h4 Rb6
22. Qh3 Nb8 23. c4 b4 24. cxd5 exd5 25. h5 gxh5 26. Bxh5 g6 27. Bg4 Qe7 28. f5
gxf5 29. Bxf5 Rf7 30. Rf2 Bc7 31. e6 Rg7 32. Ref1 Bd6 33. Bg4 Rb7 34. Rf7 Qe8
35. Qh6 Be5 36. Bh5 Bd4+ 37. Kh1 Qc8 38. g6 Rbxf7 39. gxf7+ Kf8 40. Bg5 Nc6 41.
e7+ Nxe7 42. Bxe7+ Kxe7 43. f8=Q+ Qxf8 44. Rxf8 1-0